| 000 | 00519nam a2200193Ia 4500 | ||
|---|---|---|---|
| 008 | 140626s9999 xx 000 0 und d | ||
| 100 | _aBies, Robert. | ||
| 245 | 4 |
_aThe delivery of bad news in organizations : _b a framework for analysis / _cRobert Bies. |
|
| 260 | _cc2013. | ||
| 300 | _a39 : 1, page 136 | ||
| 440 | _aJournal of Management | ||
| 521 | _aBSBA | ||
| 650 | _aBad news. | ||
| 650 | _aCoping. | ||
| 650 | _aImpression management. | ||
| 650 | _aJustice. | ||
| 650 | _aLeadership. | ||
| 942 | _cSE | ||
| 999 |
_c121007 _d121007 |
||